Plan of the cities of London and Westminster the borough of Southwark, and parts adjoining shewing every house (Record no. 113823)

MARC details
000 -LEADER
fixed length control field 00739cam a22001815a 4500
001 - CONTROL NUMBER
control field L155788
008 - FIXED-LENGTH DATA ELEMENTS--GENERAL INFORMATION
fixed length control field 120416m17921799xxk f 000 0 eng d
035 ## - SYSTEM CONTROL NUMBER
System control number (Sirsi) u155788
041 0# - LANGUAGE CODE
Language code of text/sound track or separate title eng
100 1# - MAIN ENTRY--PERSONAL NAME
Personal name Horwood, Richard
245 00 - TITLE STATEMENT
Title Plan of the cities of London and Westminster the borough of Southwark, and parts adjoining shewing every house
260 ## - PUBLICATION, DISTRIBUTION, ETC.
Place of publication, distribution, etc. London
Name of publisher, distributor, etc. Richard Horwood
Date of publication, distribution, etc. [1792-1799]
300 ## - PHYSICAL DESCRIPTION
Extent [32] plates
Dimensions 1o
520 ## - SUMMARY, ETC.
Summary, etc. The work consists of 32 folio engravings, forming together a map of London gridded A-H/1-4 (the letters appear top and bottom centre, the numbers left and right centre), with a total engraved area of around 216 x 400 cm.
651 #4 - SUBJECT ADDED ENTRY--GEOGRAPHIC NAME
Geographic name London
690 ## - LOCAL SUBJECT ADDED ENTRY--TOPICAL TERM (OCLC, RLIN)
Topical term or geographic name as entry element Measurement
9 (RLIN) 6256
942 ## - ADDED ENTRY ELEMENTS (KOHA)
Suppress in OPAC 0
Holdings
Withdrawn status Lost status Source of classification or shelving scheme Damaged status Not for loan Home library Current library Shelving location Date acquired Total Checkouts Full call number Barcode Date last seen Copy number Price effective from Koha item type
    Dewey Decimal Classification     Historic collection Historic collection Historic collection 16/04/2012   FOLIO 1799 HORWOOD 30077746 06/08/2019 1 06/08/2019 Book